Most Performed Phish Songs - Statistics

General Stats
  • This quiz has been taken 26 times
  • The average score is 7 of 15
Answer Stats
Performances Song % Correct
497 Bouncing Around the Room
71%
524 Chalk Dust Torture
71%
624 You Enjoy Myself
71%
445 Divided Sky
52%
545 Mike's Song
52%
460 Stash
52%
479 David Bowie
48%
578 Possum
48%
483 Cavern
43%
484 Golgi Apparatus
43%
418 Reba
38%
491 Run Like an Antelope
38%
519 Weekapaug Groove
38%
439 Harry Hood
33%
454 Suzy Greenberg
33%
No matching quizzes found
Score Distribution
Percent of People with Each Score
Percentile by Number Answered
Your Score History
You have not taken this quiz